MARC details
| 000 -LEADER |
| campo de control de longitud fija |
01544cac a2200289 a 4500 |
| 003 - IDENTIFICADOR DE NÚMERO DE CONTROL |
| campo de control |
CO-PeBPM |
| 005 - FECHA Y HORA DE LA ÚLTIMA TRANSACCIÓN |
| campo de control |
20250813090819.0 |
| 008 - DATOS DE LONGITUD FIJA--INFORMACIÓN GENERAL |
| campo de control de longitud fija |
250813s2014 ck a|||| |||| 00| 0 spa d |
| 020 ## - NÚMERO INTERNACIONAL ESTÁNDAR DEL LIBRO |
| Número Internacional Estándar del Libro |
9789681818982 |
| 040 ## - FUENTE DE CATALOGACIÓN |
| Centro catalogador/agencia de origen |
CO-PeBPM |
| Lengua de catalogación |
spa |
| Centro/agencia transcriptor |
CO-PeBPM |
| Normas de descripción |
rda |
| 041 ## - CÓDIGO DE IDIOMA |
| Código de lengua del texto/banda sonora o título independiente |
spa |
| 082 04 - NÚMERO DE LA CLASIFICACIÓN DECIMAL DEWEY |
| Número de clasificación |
677 H737t |
| Número de edición |
22 |
| 100 1# - ENTRADA PRINCIPAL--NOMBRE DE PERSONA |
| Nombre de persona |
Hollen, Norma |
| Término indicativo de función/relación |
autora |
| 245 10 - MENCIÓN DEL TÍTULO |
| Título |
Introducción a los textiles |
| Mención de responsabilidad, etc. |
/ Norma Hollen, Jane Saddler y Ann L. Langford |
| 260 ## - PUBLICACIÓN, DISTRIBUCIÓN, ETC. |
| Lugar de publicación, distribución, etc. |
México |
| Nombre del editor, distribuidor, etc. |
: Limusa |
| Fecha de publicación, distribución, etc. |
, 2014 |
| 300 ## - DESCRIPCIÓN FÍSICA |
| Extensión |
360 páginas |
| Otras características físicas |
ilustraciones, figuras en blanco y negro |
| Dimensiones |
27 centímetros |
| 500 ## - NOTA GENERAL |
| Nota general |
Incluye índice y glosario de telas |
| 520 ## - RESUMEN, ETC. |
| Sumario, etc. |
"Las fibras textiles han sido un elemento muy importante para el hombre desde que éste descubrió la variedad de usos que les podía dar. Los hombres de épocas pasadas, según su situación geográfica, utilizaron las telas elaboradas con fibras naturales para protegerse del clima. Hay que recordar los suaves linos con que se cubrían los egipcios, las sedas chinas y los tejidos de lana de los habitantes de las montañas. En la actualidad, con los adelantos de la tecnología, se obtienen fibras artificiales ligeras, suaves y brillantes que tienen varias aplicaciones en las actividades cotidianas, en el hogar y en la industria." |
| 650 14 - PUNTO DE ACCESO ADICIONAL DE MATERIA--TÉRMINO DE MATERIA |
| Término de materia o nombre geográfico como elemento de entrada |
Industria textil |
| Fuente del encabezamiento o término |
LEMB |
| 650 14 - PUNTO DE ACCESO ADICIONAL DE MATERIA--TÉRMINO DE MATERIA |
| Término de materia o nombre geográfico como elemento de entrada |
Telas |
| Fuente del encabezamiento o término |
LEMB |
| 650 14 - PUNTO DE ACCESO ADICIONAL DE MATERIA--TÉRMINO DE MATERIA |
| Término de materia o nombre geográfico como elemento de entrada |
Fibras textiles sintéticas |
| Fuente del encabezamiento o término |
LEMB |
| 650 14 - PUNTO DE ACCESO ADICIONAL DE MATERIA--TÉRMINO DE MATERIA |
| Término de materia o nombre geográfico como elemento de entrada |
Estampado en tela |
| Fuente del encabezamiento o término |
LEMB |
| 650 14 - PUNTO DE ACCESO ADICIONAL DE MATERIA--TÉRMINO DE MATERIA |
| Término de materia o nombre geográfico como elemento de entrada |
Hilos |
| Fuente del encabezamiento o término |
LEMB |
| 700 1# - ENTRADA AGREGADA--NOMBRE PERSONAL |
| Nombre de persona |
Saddler, Jane |
| Término indicativo de función/relación |
autor |
| 700 1# - ENTRADA AGREGADA--NOMBRE PERSONAL |
| Nombre de persona |
Langford, Anna L. |
| Término indicativo de función/relación |
autor |
| 942 ## - ELEMENTOS DE ENTRADA SECUNDARIOS (KOHA) |
| Fuente del sistema de clasificación o colocación |
Clasificación Decimal Dewey |
| Tipo de ítem Koha |
Libros |
| Suprimir en OPAC |
No |